000 03850cam a22005417i 4500
999 _c119043
_d119043
003 BJBSDDR
005 20231114105426.0
007 ta
008 150728s2015 snc b 001 0 eng
020 _a9780889773745 (bound)
020 _a0889773742 (bound)
020 _a9780889773752 (paperback)
020 _a0889773750 (paperback)
020 _a9780889773837 (pdf)
020 _a0889773831 (pdf)
020 _a9780889773851 (html)
020 _a0889773858 (html)
035 _a(OCoLC)ocn900828315
040 _aNLC
_beng
_cNLC
041 _aeng
042 _alccopycat
050 1 4 _aP 92.5
_bF494 2015
082 0 0 _a302.23092
245 0 0 _aFinding McLuhan :
_bthe mind, the man, the message /
_cedited by Jaqueline McLeod Rogers, Tracy Whalen, Catherine G. Taylor.
264 1 _aRegina, Saskatchewan :
_bUniversity of Regina Press,
_c2015
300 _axxx, 303 páginas ;
_c24 cm.
336 _atext
_btxt
_2rdacontent
337 _aunmediated
_bn
_2rdamedia
338 _avolume
_bnc
_2rdacarrier
504 _aIncluye referencias bibliográficas e índice.
505 0 _aAcknowledgements Introduction: Marshall Mcluhan : transformations/adaptations / Jaqueline McLeod Rogers and Tracy Whalen Section 1: Work/word/play. Teaching McLuhan / Doug Brent ; Marshall McLuhan in an age of labels : the descriptive value of antimodernism / Elizabeth Birmingham and Kevin Brooks ; Exceeding our grasp : McLuhan's all-metaphorical outlook / Yoni Van Den Ede Section 2: Image/figure/ground. Space on the edge : Marshall McLuhan's Marginalia and annotations of Sigfried Giedion and Ernst Gombrich / James F. Scott ; Selling via the "five sense sensorium" : Bertram Brooker, Marshall McLuhan, and the sensory media culture of Toronto 1921-55 / Adam Lauder ; Buffalo tracks and canoe codes : Marshall McLuhan and aboriginal media's dissident genealogy in Canada / Kathleen Buddle Section 3: Space/place/tools. McLuhan and the city / Jaqueline McLeod Rogers ; The library as place : new media and new designs for creating community / Karen Brown and Mary Pat Fallon ; The message in medical imaging media : an analysis of GE healthcare's viscan / Catherine Jenkins Section 4: Politics/sex/religion. McLuhan's politics / Allen Mills ; McLuhan's playboy Playboy's McLuhan / David Linton ; Recovering religion for the history and theory of rhetoric : lessons from Marshall McLuhan / Daivd Charles Gore and David Beard Section 5: Legacy/memory/imagination. Conducting the interviews : legacy/memory/imagination / Jaqueline McLeod Rogers ; Michael McLuhan : protecting the legacy ; Eric McLuhan : living the legacy ; Douglas Coupland: writing McLuhan Contributors Index
520 _aHe was right. In 1965, Tom Wolfe famously asked of Marshall McLuhan: "Suppose he is the oracle of the modern times - what if he is right?" Fifty years later, McLuhan's biographer, his sons, and sixteen scholars explore the many ways in which McLuhan's predictions have come true. ; from back cover
600 1 0 _aMcLuhan, Marshall,
_d1911-1980
_xCriticism and interpretation.
600 1 4 _aMcLuhan, Marshall,
_d1911-1980
_xCritica e interpretación
650 0 _aMass media criticism.
650 0 _aMass media and culture.
650 4 _aMedios de comunicación de masas y cultura
_96007
650 4 _aMedios de comunicación de masas
_931028
_xTeorías
655 7 _aCriticism, interpretation, etc.
_2fast
_0(OCoLC)fst01411635
700 1 _aRogers, Jaqueline McLeod,
_d1956-
_eeditor
_931029
700 1 _aTaylor, Catherine G.
_eeditor
_931030
700 1 _aKaufman, Michael T.
_q(Michael Tyler),
_d1938-2010
_eeditor
_931031
776 1 _tFinding McLuhan.
_w(CaOONL)20159016703
906 _a7
_bcbc
_ccopycat
_d3
_encip
_f20
_gy-gencatlg
942 _2lcc
_cBK
946 _ilmm